• 首页
  • 本馆介绍
  • 公告通知
  • 最新文献
  • 馆藏检索
  • 电子资源
  • 读者导购
  • 参考咨询
  • 我的图书馆
  • 登录
  • 详细信息显示
  • 放入我的书架
  • 预约/预借图书
  • 作者相关作品
  • 分类相关作品
  • 丛书相关作品
  • 出版社相关作品

书目信息

  • 表格格式
  • 工作单格式
  • 卡片格式
题名:
计算机辅助园林设计
    
 
作者: 骆天庆 编著
分册:  
出版信息: 北京   中国建筑工业出版社  2008.09
页数: 292页
开本: 26cm
丛书名:
单 册:
中图分类: TU986.2-39
科图分类:
主题词: 园林设计--计算机辅助设计--高等学校--教材 , 园林设计 , 计算机辅助设计
电子资源:
ISBN: 978-7-112-10129-0
000 01123nam0 2200277 450
001 010010019039
005 20091208153413.28
010    @a978-7-112-10129-0@dCNY32.00
100    @a20081009d2008 em y0chiy0110 ea
101 0  @achi
102    @aCN@b110000
105    @aak z 000yy
106    @ar
200 1  @a计算机辅助园林设计@9ji suan ji fu zhu yuan lin she ji@f骆天庆编著
210    @a北京@c中国建筑工业出版社@d2008.09
215    @a292页@c图@d26cm
300    @a普通高等教育土建学科专业“十一五”规划教材 全国高校园林与风景园林专业规划推荐教材
330    @a本书概括介绍了当前风景园林规划设计中计算机辅助设计的主要技术和相关软件,并基于对CAD技术发展的评述和对多种常用软件的综合比较,重点对AutoCAD2007、Autodesk Map3D 2007和Autodesk Civil3D 2007软件的绘图、建模、分析等功能进行了详细的介绍。
510 1  @aComputer aided landscape planning and design@zeng
606 0  @a园林设计@x计算机辅助设计@x高等学校@j教材
606 0  @a园林设计
606 0  @a计算机辅助设计
690    @aTU986.2-39@v4
701  0 @a骆天庆@9luo tian qing@4编著
801  0 @aCN@bRENTIAN@c20091208
905    @b20796319-23@dTU986.2-39@e477@f5
    
    计算机辅助园林设计/骆天庆编著.-北京:中国建筑工业出版社,2008.09
    292页:图;26cm
    普通高等教育土建学科专业“十一五”规划教材 全国高校园林与风景园林专业规划推荐教材
    
    ISBN 978-7-112-10129-0:CNY32.00
    本书概括介绍了当前风景园林规划设计中计算机辅助设计的主要技术和相关软件,并基于对CAD技术发展的评述和对多种常用软件的综合比较,重点对AutoCAD2007、Autodesk Map3D 2007和Autodesk Civil3D 2007软件的绘图、建模、分析等功能进行了详细的介绍。
●
相关链接 在E读中查询图书 在五车中查询图书 在当当中查询图书 在豆瓣中查询图书


正题名:计算机辅助园林设计     索取号:TU986.2-39/477         预约/预借

序号 登录号 条形码 馆藏地/架位号 状态 备注
1 796319   207963195   第二样本阅览室/ [索取号:TU986.2-39/477] 在馆    
2 796320   207963202   第三借阅区/ [索取号:TU986.2-39/477] 在馆    
3 796321   207963211   第三借阅区/ [索取号:TU986.2-39/477] 在馆    
4 796322   207963220   第三借阅区/ [索取号:TU986.2-39/477] 在馆    
5 796323   207963239   密集书库-文学院/ [索取号:TU986.2-39/477] 在馆    
欢迎您!
大连网信软件有限公司© 版权所有